(Record no. 187779)

MARC details
000 -LEADER
fixed length control field 00454nam a2200145Ia 4500
041 ## - LANGUAGE CODE
Language code of text/sound track or separate title Kurdish
082 ## - DEWEY DECIMAL CLASSIFICATION NUMBER
Classification number 361,5 cut-959 ك
100 ## - MAIN ENTRY--PERSONAL NAME
Personal name 20260118u\\\\\\\\\\\y0engy0103\\\\ba
Personal name حەمە ساڵح حەمە ئەمین
245 #0 - TITLE STATEMENT
Title مافى مرۆڤ بۆ پۆلى دەیەمى ئامادەیى وپیشەیى
250 ## - EDITION STATEMENT
Edition statement چ1
260 ## - PUBLICATION, DISTRIBUTION, ETC. (IMPRINT)
Name of publisher, distributor, etc چاپخانەیى زانا
Place of publication, distribution, etc سلیمانى - العراق
Date of publication, distribution, etc 2017
300 ## - PHYSICAL DESCRIPTION
Extent 68
942 ## - ADDED ENTRY ELEMENTS (KOHA)
Koha item type Books
Holdings
Withdrawn status Lost status Damaged status Not for loan Collection code Home library Current library Shelving location Date acquired Total Checkouts Full call number Barcode Date last seen Copy number Price effective from Koha item type
          Koya University Central Library Koya University Central Library Books 18/01/2026   361,5 cut-959 ك 0000091413 18/01/2026 1 18/01/2026 Books